000 01120nam a2200277Ia 4500
003 GCL
008 140319s9999 xx 000 0 ara d
040 _aGCL /
_cGCL
082 0 4 _aق
_b953
_bا م
100 1 _aنبيل محمد عبدالعزيز احمد
245 1 0 _aمورد اللطافة فى من ولى السلطنة والخلافة (ج1 , ج2) /
_cنبيل محمد عبدالعزيز احمد
700 1 _aابن تغرى بردى : جمال الدين ابوالمحاسن يوسف البشبغاوى الظاهرى
300 _aج1 , ج2
490 _aالهيئة العامة للاستعلامات
_v0
650 0 4 _aالسيرة النبوية
650 0 4 _aالدولة الفاطمية
650 0 4 _aالدولة العباسية
650 0 4 _aالدولة الاموية
650 0 4 _aالمماليك الجراكسة
650 0 4 _aالملوك والحكام
650 0 4 _aالدولة الايوبية
650 0 4 _aالحضارة الاسلامية
650 0 4 _aالخلفاء الراشدون
650 0 4 _aالتاريخ الاسلامى - تراجم
942 _2ddc
_cBK
999 _c51763
_d51763